| 000 | 00483nam a2200181Ia 4500 | ||
|---|---|---|---|
| 008 | 240925s9999 xx 000 0 und d | ||
| 020 | _a8170082048 | ||
| 082 | _a004.67 PAT | ||
| 100 | _aPatlen, Karen | ||
| 245 | 0 | _aData Networking Made Easy | |
| 250 | _aNA | ||
| 260 |
_aNew Delhi: _bFirewall Media _c,2000. |
||
| 300 |
_axviii,781p. _bNA _fNA |
||
| 500 | _aIncludes Index | ||
| 600 | _aComputer Science | ||
| 650 | _aComputer science, information & general works | ||
| 942 | _cBK | ||
| 999 |
_c7633 _d7633 |
||